000 00511nam a2200205Ia 4500
003 OSt
005 20231208160941.0
008 230312s9999||||xx |||||||||||||| ||und||
020 _a978-81-265-5423-2
040 _cabc
082 _a510.2462
_bKRE
100 _aKreyszig; Erwin
245 0 _aAdvanced Engineering Mathematics:
_cKreyszig; Erwin
250 _a10th ed.
260 _bWiley
_aIndia
_c2018
300 _a1001
500 _aIndex given.
650 _aEngineering
_vMathematics
942 _cBK
_2ddc
999 _c12770
_d12770